Los retos de la gestión de los datos, información y documentos (records management) en la transformación digital / (Registro nro. 4873)

000 -CABECERA
campo de control de longitud fija 00748nam a22001697a 4500
005 - FECHA Y HORA DE LA ÚLTIMA TRANSACCIÓN
campo de control 20260622183604.0
008 - DATOS DE LONGITUD FIJA--INFORMACIÓN GENERAL
campo de control de longitud fija 260622b ||||| |||| 00| 0 eng d
040 ## - FUENTE DE LA CATALOGACIÓN
Centro/agencia transcriptor ENA
100 ## - ENTRADA PRINCIPAL--NOMBRE DE PERSONA
9 (RLIN) 6355
Nombre de persona Palma Villalón, María del Valle
245 ## - MENCIÓN DE TÍTULO
Título Los retos de la gestión de los datos, información y documentos (records management) en la transformación digital /
Mención de responsabilidad, etc. María del Valle Palma Villalón
Medio [Recurso electrónico]
260 ## - PUBLICACIÓN, DISTRIBUCIÓN, ETC.
Lugar de publicación, distribución, etc. Madrid:
Nombre del editor, distribuidor, etc. Revista Transformación Digital,
Fecha de publicación, distribución, etc. [2017]
300 ## - DESCRIPCIÓN FÍSICA
Extensión 41 p.
650 #0 - PUNTO DE ACCESO ADICIONAL DE MATERIA--TÉRMINO DE MATERIA
9 (RLIN) 6071
Término de materia o nombre geográfico como elemento de entrada Transformación digital
650 #0 - PUNTO DE ACCESO ADICIONAL DE MATERIA--TÉRMINO DE MATERIA
9 (RLIN) 213
Término de materia o nombre geográfico como elemento de entrada Gestión de documentos
856 ## - LOCALIZACIÓN Y ACCESO ELECTRÓNICOS
Identificador Uniforme del Recurso https://www.revistatransformaciondigital.com/wp-content/uploads/2016/11/rm_transformaciondigital_mvpalma_docuformacion.pdf
942 ## - ELEMENTOS DE PUNTO DE ACCESO ADICIONAL (KOHA)
Tipo de ítem Koha Recursos electrónicos
Fuente del sistema de clasificación o colocación

No hay ítems disponibles.

Escuela Nacional de Archivística
Biblioteca ENA
Copyright©2019. Todos los derechos reservados.
Contáctanos

Con tecnología Koha